000 00531nam a2200157Ia 4500
008 210210b1977 xxu||||| |||| 00| 0 eng d
020 _a0 385 01637 9
082 _a109 COPH
100 _aCOPLESTON (Frederick).
245 _aHistory of philosophy.V8.Modern philosophy: Bentham to Russell.P1-British Empiricism & the idealist movement in Great Britain.
260 _aNew York
_bImage Books.,
_c1977
300 _a319
650 _aHistory Philosophy Bentham Russell Empiricism Idealist
690 _aPhilosophy
906 _a040745
999 _c90640
_d90640